Missing Word: Phil Collins Songs Quiz Stats

 Plays Quiz Updated May 29, 2018

Score 0/16 Timer 02:00
0 Plays Today
Song Title Missing Word % Correct
Against All _____Odds
94.4%
In the _____ TonightAir
91.2%
_____ More NightOne
90.6%
Another Day in _____Paradise
88.4%
Take Me _____Home
79.9%
_____ to SonFather
66.6%
I Wish It Would _____ DownRain
66.2%
I Don't _____ AnymoreCare
63.3%
Song Title Missing Word % Correct
Don't Lose My _____Number
52.3%
If Leaving _____ Is EasyMe
46.5%
Doesn't Anybody Stay _____ AnymoreTogether
42.6%
Dance _____ the LightInto
39.8%
The _____ is LeakingRoof
37%
Something Happened on the Way to _____Heaven
36.3%
Who _____ I WouldSaid
31.3%
The _____ You Can DoLeast
18.1%

Today's Daily Dose

You're not logged in!

Compare scores with friends on all Sporcle quizzes.
OR
Log In

Sporcle TV

Today on Sporcle TV


Watch our educational content, quiz creation guides, and fun videos on Sporcle TV.

Show Comments

Extras

Top Quizzes Today


Score Distribution

Your Account Isn't Verified!

In order to create a playlist on Sporcle, you need to verify the email address you used during registration. Go to your Sporcle Settings to finish the process.

Report this User

Report this user for behavior that violates our Community Guidelines.

Details: